Wegfahrt; (Record no. 5219)

MARC details
000 -LEADER
fixed length control field 00513cam a22001931 4500
001 - CONTROL NUMBER
control field af 48002792
003 - CONTROL NUMBER IDENTIFIER
control field DLC
005 - DATE AND TIME OF LATEST TRANSACTION
control field 20260227110857.0
008 - FIXED-LENGTH DATA ELEMENTS--GENERAL INFORMATION
fixed length control field 780705s1943 gw 000 0 ger c
010 ## - LIBRARY OF CONGRESS CONTROL NUMBER
LC control number af 48002792
035 ## - SYSTEM CONTROL NUMBER
System control number (OCoLC)4025246
040 ## - CATALOGING SOURCE
Original cataloging agency Yale Univ. Library
Transcribing agency TNJ
Modifying agency DLC
042 ## - AUTHENTICATION CODE
Authentication code premarc
050 00 - LIBRARY OF CONGRESS CALL NUMBER
Classification number PT2621.A99
Item number W4
100 1# - MAIN ENTRY--PERSONAL NAME
Personal name Kayssler, Friedrich,
Dates associated with a name 1874-1945.
245 10 - TITLE STATEMENT
Title Wegfahrt;
Remainder of title Gedichte-Auswahl.
260 ## - PUBLICATION, DISTRIBUTION, ETC.
Place of publication, distribution, etc. Potsdam,
Name of publisher, distributor, etc. Rütten & Loening,
Date of publication, distribution, etc. 1943.
300 ## - PHYSICAL DESCRIPTION
Extent 130 p.
Dimensions 20 cm.

No items available.

Powered by Koha